| 000 | 00346nam a2200145Ia 4500 | ||
|---|---|---|---|
| 008 | 150201s2004 xx 000 0 und d | ||
| 082 |
_a617.3 _bO04K |
||
| 100 | _aKOVAL, K.J. | ||
| 245 | _aORTHOPAEDICS KNOWLEDGE UPDATE | ||
| 250 | _a7TH | ||
| 260 |
_bJAYPEE BROTHERS _aDELHI _c2004 |
||
| 300 | _a1-738 | ||
| 650 | _aORTHOPAEDICS | ||
| 942 |
_2ddc _cBK |
||
| 999 |
_c144 _d144 |
||